000 01574nam a2200373 i 4500
001 196032
003 ES-MaACL
005 20250826062534.0
008 240810s2023 sp a | ||||o100 0 spa
015 _aMON23
017 _aB 233-2023
_bOficina Depósito Legal Barcelona
020 _a9788409496952
035 _a(SpMaBN)a7307924
035 _a991049986329708606
040 _aSpMaBN
_bspa
_cSpMaBN
_erda
080 _a930.85(37:460.25)(062.552)
111 2 _aJornadas de Historia en Llerena
_n22ª
_d2022
_9238026
245 1 3 _aEl legado romano :
_bhistoria, cultura y patrimonio /
_cXXII Jornadas de Historia en Llerena ; coordinación, Felipe Lorenzana de la Puente, Francisco Javier Mateos Ascacíbar.
264 1 _aLlerena :
_bSociedad Extremeña de Historia,
_c2023.
300 _a318 páginas :
_bilustraciones (blanco y negro) ;
_c24 cm +
_eCD-ROM
336 _aTexto
_2rdacontent
337 _asin mediación
_2rdamedia
338 _avolumen
_2rdacarrier
504 _aIncluye referencias bibliográficas
650 0 _aCivilización romana-
_zExtremadura
_2embne
_9238027
655 0 _aConferencias
_9234444
700 1 _aLorenzana de la Puente, Felipe
_4pbd
_9129072
_epbl
700 1 _aMateos Ascacíbar, Francisco J.
_4pbd
_9129719
_epbl
852 _aES-MaACL
_bR.154518
_cDEPOJ
_jN-9159
_hDonación: Editorial
_xEncuadernación rústica con solapas
_9205056
942 _cMONOGRAFIA
_n0
999 _c196032
_d196032